03292njm a2200517Ia 450000100060000000300090000600500170001500800410003204000130007304000130008604100130009910000110011210000180012310000380014124500590017925000110023826000110024926000720026030000100033230000290034250000210037150502690039265000570066170000610071870000980077970001110087770001020098870001310109070000810122170000980130270000990140070000890149970001010158870000770168970000900176670000790185670000900193570000980202570000930212370001050221670000910232170000970241270000880250970000730259770001040267025630IT-RoPAU20220918181123.0131025s9999 xx 000 0 und d aIT-RoPAU cIT-RoPAU aITALIANO aAA.VV. eAutore musica gCodice autore musica SPICS: 12000 aEccezionale Iva-Le più belle canzoni di Iva Zanicchi a1a ed. aMILANO bRI - FI RECORD COMPANYc1973 [1a Ed.:1973 - Ed. Lingua Orig.: 1973] aDISCO c45 minuti (Testo: pag.) aCanzone italiana aMi ha stregato il viso tuo - Un uomo senza tempo (Mi viejo) - Coraggio e paura - Nonostante lei - Fra noi è finita così - La mia sera - Come ti vorrei - La riva bianca la riva nera - E io tra di voi (...) - Alla mia gente - Vivrò (My Prayer) - Un fiume amaro aCANZONE ITALIAN [DISCHI]eCodice MATERIA SPICS: 9950 aZanicchi IvagCodice interprete SPICS: 11562eInterprete aSoffici RobertogCodice autore musica SPICS: 11161eAutore musicapMi ha stregato il viso tuo aAlbertelli LuigigCodice autore testo/musica SPICS: 14330eAutore testo/musicapMi ha stregato il viso tuo aLombardi EttoregCodice autore musica SPICS: 16083eAutore musicapUn uomo senza tempo (Mi viejo) aCastellari Camillo & CorradogCodice autore testo/musica SPICS: 16011eAutore testo/musicapCoraggio e paura - Alla mia gente  aRenis TonygCodice autore musica SPICS: 13845eAutore musicapNonostante lei aTesta AlbertogCodice autore SPICS: 785eAutorepNonostante lei - La riva bianca la riva nera aMogol (Rapetti Giulio)gCodice autore testo/musica SPICS: 13643eAutore musicapNonostante lei aAmadesigCodice autore musica SPICS: 16084eAutore musicapFra noi è finita così aAlbula gCodice autore testo/musica SPICS: 16085eAutore testo/musicapFra noi è finita così aLimiti P.gCodice autore musica SPICS: 13869eAutore musicapLa mia sera aLeoni EziogCodice autore testo/musica SPICS: 16082eAutore testo/musicapLa mia sera aSpecchiagCodice autore musica SPICS: 16086eAutore musicapCome ti vorrei aRussellgCodice autore testo/musica SPICS: 16087eAutore testo/musicapCome ti vorrei aSciorilli ErosgCodice autore musica SPICS: 13521eAutore musicapLa riva bianca la riva nera aAznavour CharlesgCodice autore musica SPICS: 9707eAutore musicapE io tra di voi (...) aBardotti SergiogCodice autore testo/musica SPICS: 13862eAutore testo/musicapE io tra di voi (...) aBertini UmbertogCodice autore musica SPICS: 13511eAutore musicapVivrò (My Prayer) aBoulangergCodice autore testo/musica SPICS: 16088eAutore testo/musicapVivrò (My Prayer) aTheodorakis MikisgCodice autore musica SPICS: 11170eAutore musicapUn fiume amaro aTuminelli SandrogCodice autore SPICS: 25258eAutorepUn fiume amaro aChristodoulou DimitrigCodice autore testo/musica SPICS: 27441eAutore testo/musicapUn fiume amaro